LEADER 00870nam0-2200313---450- 001 990004386770403321 005 20140722134301.0 010 $a84-8437-219-7 035 $a000438677 035 $aFED01000438677 035 $a(Aleph)000438677FED01 035 $a000438677 100 $a19990604d2001----km-y0itay50------ba 101 1 $acat$cger 102 $aES 105 $a--------001by 200 1 $aLulu$eLa capsa de Pandora$eUna tragèdia-monstre$fFrank Wedekind$gtraducció de Feliu Formosa 210 $aBarcelona$cProa$d2001 215 $a299 p.$d22 cm 676 $a832.8 700 1$aWedekind,$bFrank$f<1864-1918>$0158645 702 1$aFormosa,$bFeliu 801 0$aIT$bUNINA$gRICA$2UNIMARC 901 $aBK 912 $a990004386770403321 952 $a832.8 WEDE 5 SPA$bBibl.48419$fFLFBC 959 $aFLFBC 996 $aLulu$9172370 997 $aUNINA LEADER 01221nam--2200385---450- 001 990001301800203316 005 20111123131321.0 010 $a978-88-06-20181-4 035 $a000130180 035 $aUSA01000130180 035 $a(ALEPH)000130180USA01 035 $a000130180 100 $a20031216d2011----km-y0itay0103----ba 101 0 $aita 102 $aIT 105 $aa---||||001yy 200 1 $aUffici$einterni arredi oggetti$fImma Forino 210 $aTorino$cEinaudi$d2011 215 $aXIII, 377 p., [24] carte di tav.$cill.$d21 cm 225 2 $aPiccola biblioteca Einaudi$iNuova serie$v556 410 0$12001$aPiccola biblioteca Einaudi$iNuova serie$v556 606 0 $aEdifici per uffici$xArredamento [e] Progettazione architettonica$2BNCF 676 $a725.23 700 1$aFORINO,$bImma$0297752 801 0$aIT$bsalbc$gISBD 912 $a990001301800203316 951 $aXII.2.C. 2076$b234048 L.M.$cXII.2.C.$d00268524 959 $aBK 969 $aUMA 979 $aSIAV2$b10$c20031216$lUSA01$h1119 979 $aPATRY$b90$c20040406$lUSA01$h1732 979 $aPASSARO$b90$c20111123$lUSA01$h1309 979 $aPASSARO$b90$c20111123$lUSA01$h1313 996 $aUffici$9929368 997 $aUNISA